| 000 | 01000nam2a2200253 4500 | ||
|---|---|---|---|
| 001 | RU\NLR\bibl\749236 | ||
| 005 | 20250614005731.0 | ||
| 010 |
_a5-275-01103-2 _bТ. 2 |
||
| 021 |
_aRU _b2004-75890 _93743 |
||
| 035 | _a(NLR Aleph) 000739036 | ||
| 090 |
_a810560 _c810560 |
||
| 100 | _a20050415d2004 |||y0rusy50 ca | ||
| 101 | 1 |
_arus _cfre |
|
| 102 | _aRU | ||
| 105 | _ay ||||||||| | ||
| 200 | 1 |
_aСаламбо _e[роман] _aКандидат _e[драматическая комедия] |
|
| 210 |
_d2004 _aБ. м. |
||
| 215 | _a397,[2] с. | ||
| 461 | 0 |
_1001RU\NLR\bibl\819471 _12001#$aСобрание сочинений$vТ. 2 _91225459 _aФлобер, Г. (1821-1880) _cМосква _d2004 _fГюстав Флобер _nТерра-Книжный клуб _oв 4 томах : [перевод с французского] _tСобрание сочинений _y5-275-01100-8 _vТ. 2 |
|
| 801 | 0 |
_aRU _bNLR _c20050415 _gPSBO |
|
| 801 | 1 |
_aRU _bNLR _c20050415 |
|
| 942 | _cBOOK | ||
| 980 | _aNB | ||